[Event "Wil Acrevis op 1st"]
[Site "Wil"]
[Date "2020.06.20"]
[Round "3"]
[White "Clermont, Andreas"]
[Black "Hollenstein, Augusto"]
[Result "0-1"]
[WhiteElo "1355"]
[BlackElo "1188"]
[PlyCount "60"]
[EventDate "2020.06.19"]
[EventType "swiss"]
[EventRounds "5"]
[EventCountry "SUI"]
[SourceTitle "CBM 197 Extra"]
[Source "ChessBase"]
[SourceDate "2020.09.30"]
[SourceVersion "1"]
[SourceVersionDate "2020.09.30"]
[SourceQuality "1"]

1. e4 Nc6 2. Nf3 Nf6 3. Nc3 d5 4. e5 Ne4 5. Nxe4 dxe4 6. Ng5 Bf5 7. g4 Bg6 8. h4 f6 9. Ne6 Qd7 10. Nxf8 Rxf8 11. h5 Bf7 12. Bh3 Be6 13. Rg1 Nxe5 14. b3 Nf3+ 15. Kf1 Nxg1 16. Kxg1 0-0-0 17. Qe2 f5 18. g5 g6 19. a4 Rh8 20. Bb2 Rhg8 21. h6 Rgf8 22. a5 a6 23. Qe3 f4 24. Bxe6 Qxe6 25. Qe2 f3 26. Qf1 Qg4+ 27. Kh2 Qxg5 28. Qh3+ Kb8 29. Bc1 Qe5+ 30. Qg3 Qxa1 0-1